Score 0/30 Timer 01:30
4 Plays Today
% Correct
Monday
77.6%
March
77%
McDonald's
76.7%
Macbeth
74.9%
Monopoly
74.9%
Manhattan
73.7%
Mango
72.8%
Molar
71.7%
MTV
70.2%
Maryland
70.1%
Michelin
70.1%
McCartney
69.8%
Magnesium
69.3%
Marge
68.7%
Midfielder
66.9%
% Correct
Mandolin
66.4%
Mexico
65.5%
Marines
65.4%
Maserati
65.2%
Moscow
64.9%
Mulan
63.1%
Mastiff
63%
Mr. Fantastic
62.3%
Moe
57.1%
Movies
55%
Marcia
53.9%
Mariners
53.2%
Montpelier
50.7%
Marlon
48.2%
Marty
24.4%
Remove Ads.
Support Sporcle.
Get the best of Sporcle when you Go Orange. This ad-free experience offers more features, more stats, and more fun while also helping to support Sporcle. Thank you for becoming a member.

You're not logged in!

Compare scores with friends on all Sporcle quizzes.
OR
Log In

Sporcle TV

Today on Sporcle TV


Watch our educational content, quiz creation guides, and fun videos on Sporcle TV.

Show Comments

Extras

Created Jul 10, 2019ReportNominate
Tags:Blitz Quiz, Letter M

Top Quizzes Today


Score Distribution

Paid Content

Your Account Isn't Verified!

In order to create a playlist on Sporcle, you need to verify the email address you used during registration. Go to your Sporcle Settings to finish the process.

Report this User

Report this user for behavior that violates our Community Guidelines.

Details: